000 00649nam a22001937a 4500
005 20251108164722.0
008 250721s1970 xx 000 0 ara d
082 1 4 _a811.90973/ناد
100 1 _aالسراج، نادرة جميل
245 1 0 _aنسيب عريضة الشاعر الكاتب الصحفي :
_bدراسة مقارنة /
264 1 _aالقاهرة :
_bدار المعارف،
_c1970.
300 _a179ص
490 0 _aمكتبة الدراسات الأدبية ؛ 55
650 1 7 _aالشعر العربي
650 1 7 _aالتاريخ الأدبي
650 1 7 _aالنقد الأدبي
942 _2ddc
_cBK
999 _c12638
_d12638